01410nam a2200277 a 4500001001000000005001700010008004100027041000800068044000700076084002000083100004500103245008700148260004500235300004400280500021200324500016100536500012400697500001000821546002400831650005200855650005600907650003400963650004500997700004201042740004801084BRCA_288620190320204021.0111208s1842----gw-a---###---#000-0dger-u ager agw a285b.F56c18421 aCervantes Saavedra, Miguel ded1547-161610aDer sinnreiche Junker Don Quixote von la Manchacvon Miguel de Cervantes Saavedra. aPforzheim (Alemania)bDennig Kinckc1842 a2 v.bil.c26 cm.e24 láminas suletas aContenido : v 1. Primera parte. Noticia sobre la vida y obra de Cervantes. Advertencia del traductor. Introducción de H. Heine. Prólogo del autor. Texto. -- v 2. Segunda parte. Prólogo del autor. Texto aEdición : Aus dem spanischen Übersetzt, mit dem Leben von Miguel Cervantes nach Viardot, und einer Einleitung von Heinrich Heine. Zweite unveränd Ausg aEdición por completo igual a la de Stuttgart de 1837-38, con los mismos dibujos de T. Johannot. Tela Lúdovik Osterc aQM517 aTexto en : alemán14aNovela españolayÉpoca clásica, 1500-170014aLiteratura españolayÉpoca clásica, 1500-170014aNovela españolaySiglo XVII14aDon Quijote (Personaje ficticio)eNovela1 aViardot, Louisd1800-1883eBiógrafo0 aEl Ingenio Hidalgo Don Quijote de la Mancha